000 00356nam a2200133Ia 4500
008 220216s9999 xx 000 0 und d
100 _aGomez J B
245 0 _aLutoids of Hevea latex : Morphological considerations
260 _bJournal of Natural Rubber Research
_c1990
300 _a231-240
650 _aHevea latex
650 _aLutoids
942 _cJS
999 _c62338
_d62338